000 00751nam a22002297a 4500
003 OSt
005 20240530073925.0
008 210323b 2020 dr 00| 0 eng d
020 _a9789945094299
040 _aDO-SdBNP
_bspa
_cBNPHU
082 4 _aRD863.5
_bP977i
_222
100 1 _aPuello Vásquez, Elismar
_978230
245 1 0 _aIlusión de muerte /
_cElismar Puello Vásquez ; edición Yael Valenzuela
260 _aSanto Domingo :
_b[s. n.],
_c2020.
300 _a149 p. ;
_c23 cm.
500 _aIncluye datos biográficos de la autora en la contracubierta.
590 _aInventariado, 2021 /LP
650 0 _aNovela dominicana
_9223
650 4 _aLiteratura dominicana
_978578
700 1 _aValenzuela, Yael,
_eedición
_978231
942 _2ddc
_cLBS1
999 _c49658
_d49658